NFL: Top 3 Most Rushing Yards in Each Draft Round (2021) - Statistics

General Stats
  • This quiz has been taken 26 times
    4 since last reset
  • The average score is 8 of 24
Answer Stats
Round # Player Yards College % Correct
First Round 11th Justin Fields 2,606 Georgia / Ohio State
100%
First Round 24th Najee Harris 4,345 Alabama
100%
First Round 25th Travis Etienne 2,905 Clemson
100%
Fifth Round 183rd Avery Williams 109 Boise State
50%
Third Round 67th Davis Mills 172 Stanford
50%
Second Round 34th Elijah Moore 96 Ole Miss
50%
Second Round 35th Javonte Williams 2,545 North Carolina
50%
Second Round 49th Rondale Moore 249 Purdue
50%
Third Round 91st Anthony Schwartz 96 Auburn
25%
Fourth Round 126th Chuba Hubbard 3,270 Oklahoma State
25%
Undrafted N/A Deon Jackson 283 Duke
25%
Sixth Round 194th Elijah Mitchell 1,523 Louisiana
25%
Fifth Round 150th Kenneth Gainwell 1,224 Memphis
25%
Sixth Round 217th Khalil Herbert 1,905 Kansas / Virginia Tech
25%
Fourth Round 107th Michael Carter 1,359 North Carolina
25%
Fourth Round 120th Rhamondre Stevenson 3,135 Cerritos / Oklahoma
25%
Third Round 88th Trey Sermon 505 Oklahoma / Ohio State
25%
Seventh Round 249th Ben Skowronek 26 Northwestern / Notre Dame
0%
Undrafted N/A Caleb Huntley 366 Ball State
0%
Sixth Round 196th Gary Brightwell 164 Arizona
0%
Fifth Round 157th Ihmir Smith-Marsette 73 Iowa
0%
Undrafted N/A Jaret Patterson 344 Buffalo
0%
Seventh Round 257th Jermar Jefferson 96 Oregon State
0%
Seventh Round 256th Kylin Hill 31 Mississippi State
0%
No matching quizzes found
Score Distribution
Percent of People with Each Score
Percentile by Number Answered
Your Score History
You have not taken this quiz since the last reset